| 000 | 01201nam a22003617a 4500 | ||
|---|---|---|---|
| 001 | 0008635 | ||
| 003 | KOHA_MİRAKIL | ||
| 005 | 20260207001642.0 | ||
| 007 | ta | ||
| 008 | 091009b1992 tu |||gr||||#||||0|tur | | ||
| 020 |
_a9751604818 _cTL3 |
||
| 040 |
_aTR-BiSEU _btur _cTR-BiSEU _erda |
||
| 041 | 0 | _atur | |
| 044 | _ctu | ||
| 050 |
_aDS793 _b.K87 1992 |
||
| 100 | 1 | _aKurban, İklil. | |
| 245 | 1 |
_aŞarki Türkistan Cumhuriyeti : _b(1944-1949)/ _cİklil Kurban ; İklil Kurban. |
|
| 264 | 1 |
_aAnkara : _bTürk Tarih Kurumu _c1992 |
|
| 300 | _aXII, 113 sayfa: resimli, tıpkı basım; 24 cm. | ||
| 336 |
_ametin _btxt _2rdacontent |
||
| 337 |
_aaracısız _bn _2rdamedia |
||
| 338 |
_acilt _bnc _2rdacarrier |
||
| 490 | 0 | _aAtatürk Kültür, Dil ve Tarih Yüksek Kurumu Türk Tarih Kurumu yayınları VII. | |
| 490 | 0 | _adizi-sa. | |
| 490 | 0 | _a132. | |
| 500 | _aKaynakça ve dizin var. | ||
| 650 | 0 |
_aDoğu Türkistan Cumhuriyeti--Tarih. _921640 |
|
| 650 | 0 |
_aEast Turkestan Republic--History. _921641 |
|
| 830 | 0 |
_aAtatürk Kültür, Dil ve Tarih Yüksek Kurumu Türk Tarih Kurumu yayınları VII. _917467 |
|
| 830 | 0 |
_adizi-sa. _97103 |
|
| 830 | 0 |
_a132. _921642 |
|
| 942 |
_2lcc _cBK |
||
| 999 |
_c8607 _d8607 |
||